000 00518nam a22001937a 4500
003 CEME
005 20210628203533.0
008 210119b xxu||||| |||| 00| 0 eng d
020 _a9788127239275
040 _c.
082 _a658 SIN
100 _aSingh, Parampal, Singh, Harpreet, Kaur, Ramneek
_966099
245 _aPrinciples and practice of management
250 _a6TH
260 _aDELHI
_bPUNJAB BOARD
_c2006
300 _a536P
650 _aMANAGEMENT PRINCIPLES AND PRACTICE
_966100
942 _cBK
_2ddc
999 _c574131
_d574131